00381nam a2200145 a 4500020001800000082002000018100002500038245001700063260004200080300000900122500003500131505001000166650003500176700002400211 a019564X 00a324.245408bHAN aHansen, Thomas Bloom aSaffron Wave aDelhibOxford University Press c1999 a293p aincludes index and biblioraphy2 aIndex aReligious Fundamentalism-Hindu1 aHansen, Thomas Blom